00300nam a2200133Ia 45000030006000000080041000060400015000471000021000622450034000832500011001172600009001285460012001370050017001490STCL150530s9999 xx 000 0 und d aSTCLcSTCL aChopra, B.S.K.S. aBusiness environment in India aFourth c1991 aEnglish20220125170603.0